[Event "Frome Open 2025"]
[Site "Selwood Academy, Frome"]
[Date "2025.05.16"]
[Round "1.1"]
[White "Coffey, Anthony"]
[Black "Boswell, Jacob"]
[Result "0-1"]
[WhiteElo "1991"]
[BlackElo "2245"]
[PlyCount "46"]
[GameId "2183555407488588"]
[EventDate "2025.05.16"]
[SourceTitle "Frome Open 2025"]
[Source "David Tipper"]
[SourceDate "2025.05.19"]
[SourceVersion "1"]
[SourceVersionDate "2025.05.19"]
[SourceQuality "1"]

{[%evp 0,46,11,26,15,26,23,35,41,17,19,14,26,25,23,23,8,1,-6,-1,25,22,20,14,10,3,-5,11,7,2,15,37,19,-41,-128,-77,-38,-68,-38,-92,-97,-230,-230,-285,-337,-382,-360,-398,-515]} 1. d4 Nf6 2. c4 g6 3. Nc3 Bg7 4. e4 d6 5. f3 O-O 6. Be3 c5 7. d5 e6 8. Qd2 exd5 9. cxd5 a6 10. a4 Re8 11. Nge2 Nbd7 12. Nc1 Nh5 13. Be2 f5 14. Nd3 Ne5 15. Nxe5 Bxe5 16. O-O-O f4 17. Bf2 Bd7 18. g4 Ng7 19. Bd3 b5 20. Ne2 bxa4 21. Kc2 Qb6 22. Qc1 Rab8 23. Nc3 a3 0-1

[Event "Frome Open 2025"]
[Site "Selwood Academy, Frome"]
[Date "2025.05.16"]
[Round "1.2"]
[White "Murawski, Jan"]
[Black "Pleasants, Allan"]
[Result "1-0"]
[WhiteElo "2191"]
[BlackElo "1977"]
[PlyCount "55"]
[GameId "2183346049450451"]
[EventDate "2025.05.16"]
[SourceTitle "Frome Open 2025"]
[Source "David Tipper"]
[SourceDate "2025.05.19"]
[SourceVersion "1"]
[SourceVersionDate "2025.05.19"]
[SourceQuality "1"]

1. d4 d6 2. e4 Nf6 3. f3 c5 4. dxc5 Qa5+ 5. Nc3 Qxc5 6. Qd3 a6 7. a4 g6 8. a5 Qc7 9. Be3 Nbd7 10. Qd2 h6 11. Nge2 Ne5 12. Nf4 e6 13. Na4 Bd7 14. Nb6 Rd8 15. Nd3 Nxd3+ 16. cxd3 Bg7 17. d4 Qb8 18. Be2 g5 19. Rc1 d5 20. e5 Ng8 21. h4 f6 22. exf6 Nxf6 23. hxg5 hxg5 24. Rxh8+ Bxh8 25. Bxg5 Qg3+ 26. Kf1 Kf7 27. Qf4 Qxf4 28. Bxf4 1-0

[Event "Frome Open 2025"]
[Site "Selwood Academy, Frome"]
[Date "2025.05.16"]
[Round "1.3"]
[White "Jukes, Sam"]
[Black "Beaumont, Chris"]
[Result "0-1"]
[WhiteElo "1975"]
[BlackElo "2140"]
[PlyCount "64"]
[GameId "2183347384738534"]
[EventDate "2025.05.16"]
[SourceTitle "Frome Open 2025"]
[Source "David Tipper"]
[SourceDate "2025.05.19"]
[SourceVersion "1"]
[SourceVersionDate "2025.05.19"]
[SourceQuality "1"]

1. e4 d6 2. d4 Nf6 3. Nc3 g6 4. f4 Bg7 5. Nf3 O-O 6. e5 dxe5 7. fxe5 Nd5 8. Bc4 Nxc3 9. bxc3 c5 10. O-O Bg4 11. h3 Bxf3 12. Rxf3 cxd4 13. cxd4 Bxe5 14. Be3 Bf6 15. c3 Nc6 16. Rb1 Rc8 17. Qa4 Na5 18. Bd3 Rxc3 19. Bd2 Qxd4+ 20. Qxd4 Bxd4+ 21. Kf1 Rc5 22. Bb4 Re5 23. Rf4 Bb6 24. Bc3 Re3 25. Bxa5 Bxa5 26. Bc4 Bc7 27. Rf2 b6 28. Rc1 Bg3 29. Rf3 Rxf3+ 30. gxf3 Rd8 31. Ke2 Bf4 32. Rc2 Kg7 0-1

[Event "Frome Open 2025"]
[Site "Selwood Academy, Frome"]
[Date "2025.05.16"]
[Round "1.4"]
[White "Burnett, Jim"]
[Black "Davis, Colin"]
[Result "1-0"]
[WhiteElo "2063"]
[BlackElo "1953"]
[PlyCount "74"]
[GameId "2183348680606444"]
[EventDate "2025.05.16"]
[SourceTitle "Frome Open 2025"]
[Source "David Tipper"]
[SourceDate "2025.05.19"]
[SourceVersion "1"]
[SourceVersionDate "2025.05.19"]
[SourceQuality "1"]

1. d4 d6 2. g3 Nf6 3. Nf3 g6 4. Bg2 Bg7 5. c4 Bf5 6. O-O O-O 7. Qb3 Qc8 8. Nc3 Nc6 9. Rd1 Ne4 10. Be3 Rb8 11. Nh4 Nxc3 12. Qxc3 Bg4 13. Qd2 Re8 14. d5 Ne5 15. Rac1 Bh3 16. b3 c5 17. dxc6 Bxg2 18. Nxg2 Nxc6 19. Nf4 b6 20. Kg2 Qb7 21. f3 Rbd8 22. Nd5 e6 23. Nc3 d5 24. cxd5 exd5 25. Bh6 Bh8 26. Nxd5 Nd4 27. e4 Rxd5 28. exd5 Re2+ 29. Qxe2 Nxe2 30. Rc4 f5 31. d6 Qd7 32. Rc7 Qd8 33. d7 Kf7 34. Rc8 Bf6 35. Rxd8 Bxd8 36. Rd2 Nc3 37. Rc2 Nd5 1-0

[Event "Frome Open 2025"]
[Site "Selwood Academy, Frome"]
[Date "2025.05.16"]
[Round "1.5"]
[White "Lopatko, Vasyl"]
[Black "White, Stuart"]
[Result "1/2-1/2"]
[WhiteElo "1933"]
[BlackElo "2059"]
[PlyCount "114"]
[GameId "2183354461774751"]
[EventDate "2025.05.16"]
[SourceTitle "Frome Open 2025"]
[Source "David Tipper"]
[SourceDate "2025.05.19"]
[SourceVersion "1"]
[SourceVersionDate "2025.05.19"]
[SourceQuality "1"]

1. d4 d5 2. Nc3 Nf6 3. Bf4 c5 4. e3 cxd4 5. exd4 Bg4 6. f3 Bd7 7. Bb5 Bxb5 8. Nxb5 Qa5+ 9. Nc3 e6 10. Nge2 Nc6 11. a3 Be7 12. O-O O-O 13. Qd3 Rfc8 14. Bg5 Qc7 15. Bxf6 Bxf6 16. f4 Qb6 17. Na4 Qa5 18. Nac3 Rd8 19. Nd1 b5 20. Ne3 Qb6 21. c3 Na5 22. Ng4 Be7 23. Rf3 Nc4 24. Rh3 g6 25. Rb1 f5 26. Ne5 Nxe5 27. fxe5 Rd7 28. Rf1 a5 29. g4 Rf8 30. gxf5 Rxf5 31. Rg3 Rxf1+ 32. Kxf1 Bf8 33. Rf3 Bh6 34. Kg2 b4 35. axb4 axb4 36. h4 bxc3 37. bxc3 Qd8 38. Kh3 Rf7 39. Rxf7 Kxf7 40. c4 dxc4 41. Qxc4 Qd7 42. Qd3 Qd5 43. Kg3 Kg7 44. Qf3 Qxf3+ 45. Kxf3 Bd2 46. Kg4 Kf7 47. Ng1 h6 48. Nf3 Be3 49. Kg3 Ke7 50. Kg2 Kf7 51. Kg3 Bc1 52. Kg4 Ke7 53. Kg3 Kd7 54. Kf2 Kc6 55. Ke2 Kd5 56. Kd3 Bf4 57. Ng1 g5 1/2-1/2

[Event "Frome Open 2025"]
[Site "Selwood Academy, Frome"]
[Date "2025.05.16"]
[Round "1.6"]
[White "Arnott, Jonathan"]
[Black "Davis, Lee"]
[Result "1-0"]
[WhiteElo "2050"]
[BlackElo "1920"]
[PlyCount "79"]
[GameId "2183350034731835"]
[EventDate "2025.05.16"]
[SourceTitle "Frome Open 2025"]
[Source "David Tipper"]
[SourceDate "2025.05.19"]
[SourceVersion "1"]
[SourceVersionDate "2025.05.19"]
[SourceQuality "1"]

1. e4 g6 2. d4 d6 3. Nc3 Bg7 4. Be2 Nc6 5. Be3 Nf6 6. g4 e5 7. d5 Ne7 8. g5 Nd7 9. h4 f5 10. gxf6 Nxf6 11. h5 Bd7 12. h6 Bf8 13. Bg5 Neg8 14. Be3 c6 15. Qd2 cxd5 16. exd5 Ng4 17. O-O-O Nxe3 18. Qxe3 Qb6 19. Qd2 Qxf2 20. Nf3 Qb6 21. Rh4 O-O-O 22. Rdh1 Kb8 23. Ng5 Nxh6 24. Rxh6 Bxh6 25. Rxh6 Rdf8 26. b3 Qg1+ 27. Kb2 Rf4 28. Nce4 Bf5 29. Qb4 Qd4+ 30. Qxd4 exd4 31. Nxd6 Rd8 32. Ngf7 Rf8 33. Rxh7 Rf2 34. Nxf5 Rxe2 35. Nxd4 Re7 36. Ng5 Rxh7 37. Nxh7 Rf2 38. Kc3 a6 39. Ne6 Kc8 40. Nhf8 1-0

[Event "Frome Open 2025"]
[Site "Selwood Academy, Frome"]
[Date "2025.05.16"]
[Round "1.7"]
[White "Bourne, Jonathan"]
[Black "Ogunshola, Olugbemiga"]
[Result "1/2-1/2"]
[WhiteElo "1915"]
[BlackElo "2050"]
[PlyCount "73"]
[GameId "2183353150870425"]
[EventDate "2025.05.16"]
[SourceTitle "Frome Open 2025"]
[Source "David Tipper"]
[SourceDate "2025.05.19"]
[SourceVersion "1"]
[SourceVersionDate "2025.05.19"]
[SourceQuality "1"]

1. e4 e5 2. Bc4 Nc6 3. Nf3 Be7 4. c3 Nf6 5. d3 O-O 6. O-O a6 7. Bb3 d6 8. Re1 Na5 9. Bc2 c5 10. Nbd2 Ne8 11. Nf1 f5 12. exf5 Bxf5 13. Ne3 Bg6 14. d4 e4 15. Nd5 Rxf3 16. gxf3 Nf6 17. Nxf6+ Bxf6 18. Bxe4 cxd4 19. cxd4 Bf7 20. Bf4 Nc6 21. Bxc6 bxc6 22. Rc1 Qd7 23. a3 Bd5 24. Rc3 Rd8 25. Rce3 g5 26. Bg3 h5 27. Qd3 Kg7 28. h4 gxh4 29. Bf4 Kh8 30. Qg6 Rg8 31. Re8 Qg7 32. Rxg8+ Bxg8 33. Qxg7+ Kxg7 34. Bxd6 Kg6 35. Be5 Bd8 36. Bd6 Bf6 37. Be5 1/2-1/2

[Event "Frome Open 2025"]
[Site "Selwood Academy, Frome"]
[Date "2025.05.16"]
[Round "1.8"]
[White "Yu, Rock"]
[Black "Ponting, Andrew"]
[Result "0-1"]
[WhiteElo "2048"]
[BlackElo "1910"]
[PlyCount "84"]
[GameId "2183543083012214"]
[EventDate "2025.05.16"]
[SourceTitle "Frome Open 2025"]
[Source "David Tipper"]
[SourceDate "2025.05.19"]
[SourceVersion "1"]
[SourceVersionDate "2025.05.19"]
[SourceQuality "1"]

1. Nf3 d5 2. g3 Bg4 3. Bg2 c6 4. O-O Nf6 5. h3 Bxf3 6. Bxf3 Nbd7 7. d4 e6 8. Nd2 Be7 9. e4 dxe4 10. Nxe4 O-O 11. c3 Qb6 12. Qc2 Rac8 13. Be3 Nd5 14. Bd2 e5 15. c4 exd4 16. cxd5 cxd5 17. Nc3 dxc3 18. bxc3 Nf6 19. Rab1 Qc6 20. Rfe1 Rfe8 21. Qb3 b6 22. Bg5 Ne4 23. Bxe7 Rxe7 24. Rbd1 Qc5 25. Qc2 Rce8 26. Kg2 Nxc3 27. Rxe7 Rxe7 28. Rd3 d4 29. Qd2 Rd7 30. h4 b5 31. h5 h6 32. Qf4 Rd8 33. Qh4 Qd6 34. g4 b4 35. g5 hxg5 36. Qxg5 f6 37. Qa5 Rd7 38. Bg4 Re7 39. Qf5 Re8 40. Qg6 Qd5+ 41. Kh3 Qh1+ 42. Kg3 Ne4+ 0-1

[Event "Frome Open 2025"]
[Site "Selwood Academy, Frome"]
[Date "2025.05.16"]
[Round "1.9"]
[White "Hertog, Alexander"]
[Black "Ashworth, Michael"]
[Result "0-1"]
[WhiteElo "1909"]
[BlackElo "2041"]
[PlyCount "92"]
[GameId "2183545703628981"]
[EventDate "2025.05.16"]
[SourceTitle "Frome Open 2025"]
[Source "David Tipper"]
[SourceDate "2025.05.19"]
[SourceVersion "1"]
[SourceVersionDate "2025.05.19"]
[SourceQuality "1"]

1. d4 Nf6 2. c4 e6 3. g3 Bb4+ 4. Bd2 Qe7 5. Bg2 Nc6 6. Nf3 Bxd2+ 7. Nbxd2 d6 8. O-O O-O 9. h3 e5 10. d5 Nb8 11. e4 a5 12. Ne1 Na6 13. Nd3 c6 14. c5 Nxc5 15. Nxc5 dxc5 16. dxc6 bxc6 17. Qc2 Be6 18. Nc4 Bxc4 19. Qxc4 Rfb8 20. Qc2 Qe6 21. Rfd1 Rb4 22. Rd2 Rd4 23. a3 Rad8 24. Rad1 Qd6 25. Rxd4 cxd4 26. Bf1 h6 27. Bd3 Rb8 28. Rd2 Nd7 29. Qc4 Qc5 30. Rc2 Qxc4 31. Bxc4 Kf8 32. Bd3 Rb6 33. Kf1 Ke7 34. Ke2 Kd6 35. Bc4 Nc5 36. f3 g6 37. g4 Ne6 38. Bxe6 Kxe6 39. b4 axb4 40. axb4 Kd6 41. Rc4 Ra6 42. Kf2 Ra2+ 43. Kg3 Ra3 44. h4 Rc3 45. g5 hxg5 46. h5 gxh5 0-1

[Event "Frome Open 2025"]
[Site "Selwood Academy, Frome"]
[Date "2025.05.16"]
[Round "1.10"]
[White "Richmond, Jane"]
[Black "May, Adam"]
[Result "1/2-1/2"]
[WhiteElo "2033"]
[BlackElo "1868"]
[PlyCount "53"]
[GameId "2183547594703035"]
[EventDate "2025.05.16"]
[SourceTitle "Frome Open 2025"]
[Source "David Tipper"]
[SourceDate "2025.05.19"]
[SourceVersion "1"]
[SourceVersionDate "2025.05.19"]
[SourceQuality "1"]

1. e4 c6 2. d4 d5 3. exd5 cxd5 4. c4 Nf6 5. Nc3 Nc6 6. Bg5 dxc4 7. d5 Ne5 8. Bxc4 Nxc4 9. Qa4+ Bd7 10. Qxc4 Rc8 11. Qd4 a6 12. Nf3 g6 13. O-O Bg7 14. Rfe1 O-O 15. Qd2 Re8 16. h3 Qa5 17. Rad1 b5 18. a3 Qb6 19. Ne5 Qb7 20. d6 exd6 21. Qxd6 Be6 22. Qb4 h6 23. Bf4 Kh7 24. Bg3 Nh5 25. Bh2 Nf6 26. Bg3 Nh5 27. Bh2 1/2-1/2

[Event "Frome Open 2025"]
[Site "Selwood Academy, Frome"]
[Date "2025.05.16"]
[Round "1.11"]
[White "Kumar, Yuvraj"]
[Black "Pugh, Derek C"]
[Result "1/2-1/2"]
[WhiteElo "1727"]
[BlackElo "2026"]
[PlyCount "65"]
[GameId "2183548513988801"]
[EventDate "2025.05.16"]
[SourceTitle "Frome Open 2025"]
[Source "David Tipper"]
[SourceDate "2025.05.19"]
[SourceVersion "1"]
[SourceVersionDate "2025.05.19"]
[SourceQuality "1"]

1. e4 Nc6 2. d4 e5 3. Nf3 exd4 4. Bc4 Nf6 5. O-O Nxe4 6. Re1 d5 7. Bxd5 Qxd5 8. Nc3 Qa5 9. Nxe4 Be6 10. Neg5 O-O-O 11. Nxe6 fxe6 12. Rxe6 Be7 13. Qe2 Bf6 14. Bd2 Qd5 15. a4 d3 16. cxd3 Bxb2 17. Re1 Qxd3 18. Bg5 Qxe2 19. R6xe2 Bc3 20. Bxd8 Bxe1 21. Bxc7 Bxf2+ 22. Kxf2 Kxc7 23. Ng5 Kb6 24. Rb2+ Ka6 25. Ne6 b6 26. Nxg7 Rg8 27. Ne6 Rg4 28. Rc2 Kb7 29. Rd2 Nb8 30. Rc2 Na6 31. Rd2 Kc6 32. Nd8+ Kc7 33. Ne6+ 1/2-1/2

[Event "Frome Open 2025"]
[Site "Selwood Academy, Frome"]
[Date "2025.05.16"]
[Round "1.12"]
[White "Hayward, Philip"]
[Black "Woozeer, Seth"]
[Result "1-0"]
[WhiteElo "2013"]
[BlackElo "1677"]
[PlyCount "67"]
[GameId "2183552846153269"]
[EventDate "2025.05.16"]
[SourceTitle "Frome Open 2025"]
[Source "David Tipper"]
[SourceDate "2025.05.19"]
[SourceVersion "1"]
[SourceVersionDate "2025.05.19"]
[SourceQuality "1"]

{[%evp 0,67,17,20,9,8,27,30,30,15,17,64,13,13,24,16,21,28,8,27,109,68,25,46,52,38,55,49,74,66,87,84,99,90,121,53,151,162,209,64,125,159,16,191,103,154,164,156,138,147,264,235,270,295,315,130,226,247,146,276,260,297,256,162,125,232,144,206,207,106]} 1. c4 Nf6 2. g3 g6 3. Bg2 Bg7 4. Nc3 O-O 5. e4 d6 6. Nge2 e5 7. d3 Be6 8. h3 Qd7 9. Be3 c6 10. f4 Na6 11. g4 exf4 12. Nxf4 Nc7 13. O-O h6 14. Rc1 Kh7 15. b3 Rfe8 16. Qf3 Rad8 17. Bxa7 d5 18. cxd5 cxd5 19. exd5 Nfxd5 20. Ncxd5 Nxd5 21. Nxd5 Bxd5 22. Qxd5 Qxd5 23. Bxd5 Rxd5 24. Rxf7 Rxd3 25. Rcc7 Rg8 26. Rxb7 Kh8 27. Rfd7 Rxd7 28. Rxd7 Rc8 29. a4 Rc3 30. b4 Rxh3 31. Bd4 Bxd4+ 32. Rxd4 Kg7 33. a5 Kf6 34. a6 1-0

[Event "Frome Open 2025"]
[Site "Selwood Academy, Frome"]
[Date "2025.05.16"]
[Round "1.13"]
[White "McGeeney, David"]
[Black "Hill, Andy"]
[Result "0-1"]
[WhiteElo "1660"]
[BlackElo "1996"]
[PlyCount "82"]
[GameId "2183555473057361"]
[EventDate "2025.05.16"]
[SourceTitle "Frome Open 2025"]
[Source "David Tipper"]
[SourceDate "2025.05.19"]
[SourceVersion "1"]
[SourceVersionDate "2025.05.19"]
[SourceQuality "1"]

1. e4 e6 2. Nc3 d5 3. exd5 exd5 4. d4 Bb4 5. Bd2 c6 6. Bd3 Ne7 7. Qh5 Nd7 8. Bg5 Nf8 9. a3 Bd6 10. Nge2 Ne6 11. Bh4 Qb6 12. Na4 Qa5+ 13. b4 Qxa4 14. O-O b5 15. f4 g6 16. Qf3 f5 17. Bf6 Rf8 18. Bh4 Qa6 19. g4 Qb6 20. Bxe7 Bxe7 21. gxf5 Nxd4 22. Nxd4 Qxd4+ 23. Kg2 Bxf5 24. Rae1 Kd7 25. Re5 Bxd3 26. cxd3 Qxe5 27. fxe5 Rxf3 28. Rxf3 Ke6 29. d4 a5 30. Rc3 Kd7 31. Rf3 axb4 32. axb4 Rf8 33. Ra3 Bxb4 34. Ra7+ Ke6 35. Rxh7 Bc3 36. Rh4 b4 37. Rg4 Rg8 38. Kf3 b3 39. Ke3 b2 40. Rg1 Rb8 41. Rb1 Rb4 0-1

[Event "Frome Open 2025"]
[Site "Selwood Academy, Frome"]
[Date "2025.05.17"]
[Round "2.1"]
[White "Boswell, Jacob"]
[Black "Hayward, Philip"]
[Result "1-0"]
[WhiteElo "2245"]
[BlackElo "2013"]
[PlyCount "89"]
[GameId "2183560480406580"]
[EventDate "2025.05.16"]
[SourceTitle "Frome Open 2025"]
[Source "David Tipper"]
[SourceDate "2025.05.19"]
[SourceVersion "1"]
[SourceVersionDate "2025.05.19"]
[SourceQuality "1"]

1. d4 Nf6 2. c4 e6 3. Nf3 d5 4. Nc3 c5 5. cxd5 Nxd5 6. e4 Nxc3 7. bxc3 cxd4 8. cxd4 Bb4+ 9. Bd2 Bxd2+ 10. Qxd2 O-O 11. Bc4 Nd7 12. O-O b6 13. Rfe1 Bb7 14. Rad1 Rc8 15. Bb3 h6 16. h3 Nf6 17. Qf4 Qc7 18. Ne5 Nd7 19. h4 Nxe5 20. dxe5 b5 21. g4 a5 22. Rd3 a4 23. Bd1 Qc1 24. Rde3 Qd2 25. Bf3 Rc5 26. g5 hxg5 27. Qxg5 Qd8 28. Qg3 Qc7 29. Bg4 Qxe5 30. f4 Qc7 31. h5 Rc1 32. h6 Rxe1+ 33. Rxe1 g6 34. Bf3 Qc5+ 35. Kg2 Kh7 36. Qh4 g5 37. Qh5 Qe7 38. Kh1 Rg8 39. Rg1 f6 40. e5 Bxf3+ 41. Qxf3 fxe5 42. Qe4+ Kxh6 43. Rg2 Rg6 44. Qxe5 Qf6 45. fxg5+ 1-0

[Event "Frome Open 2025"]
[Site "Selwood Academy, Frome"]
[Date "2025.05.17"]
[Round "2.2"]
[White "Ashworth, Michael"]
[Black "Murawski, Jan"]
[Result "0-1"]
[WhiteElo "2041"]
[BlackElo "2191"]
[PlyCount "114"]
[GameId "2183577628274959"]
[EventDate "2025.05.16"]
[SourceTitle "Frome Open 2025"]
[Source "David Tipper"]
[SourceDate "2025.05.19"]
[SourceVersion "1"]
[SourceVersionDate "2025.05.19"]
[SourceQuality "1"]

1. d4 Nf6 2. Nf3 d5 3. e3 e6 4. Bd3 c5 5. c3 b6 6. Nbd2 Nbd7 7. O-O Bb7 8. Re1 Be7 9. e4 dxe4 10. Nxe4 O-O 11. Bf4 cxd4 12. cxd4 Nxe4 13. Bxe4 Bxe4 14. Rxe4 Nf6 15. Re1 Rc8 16. Qa4 a5 17. Rac1 Qd5 18. a3 h6 19. h3 Ne4 20. Rc7 Rxc7 21. Bxc7 Qb7 22. Bf4 Rc8 23. Qb5 Nf6 24. Bd2 Rc7 25. Ne5 Nd5 26. Qe8+ Bf8 27. Rc1 Nf6 28. Rxc7 Qxc7 29. Qc6 Bd6 30. Qxc7 Bxc7 31. Nf3 b5 32. b3 a4 33. bxa4 bxa4 34. Bb4 Ne4 35. Nd2 Nxd2 36. Bxd2 Bb6 37. Bc3 Kf8 38. Kf1 Ke7 39. Ke2 Kd6 40. Kd3 Kd5 41. f3 Bd8 42. Bb4 Bf6 43. Bc3 g6 44. Bb2 h5 45. g4 Be7 46. Bc1 f5 47. g5 Bd8 48. f4 Bb6 49. Be3 Bc7 50. Bd2 Bd6 51. Bc1 h4 52. Bd2 Bxa3 53. Be1 Bc1 54. Bxh4 Bxf4 55. Be1 Bxg5 56. Bb4 Bc1 57. Kc2 Be3 0-1

[Event "Frome Open 2025"]
[Site "Selwood Academy, Frome"]
[Date "2025.05.17"]
[Round "2.3"]
[White "Beaumont, Chris"]
[Black "Walsh, Jordan"]
[Result "1-0"]
[WhiteElo "2140"]
[BlackElo "1615"]
[PlyCount "53"]
[GameId "2183580212445836"]
[EventDate "2025.05.16"]
[SourceTitle "Frome Open 2025"]
[Source "David Tipper"]
[SourceDate "2025.05.19"]
[SourceVersion "1"]
[SourceVersionDate "2025.05.19"]
[SourceQuality "1"]

1. c4 f5 2. Nf3 d6 3. d4 Nf6 4. g3 e6 5. Bg2 Be7 6. O-O O-O 7. b3 c6 8. Bb2 Qc7 9. Nbd2 Ne4 10. d5 Nxd2 11. Qxd2 e5 12. Rfd1 Nd7 13. Rac1 c5 14. Nxe5 dxe5 15. d6 Bxd6 16. Qxd6 Qxd6 17. Rxd6 Rf6 18. Rcd1 Rxd6 19. Rxd6 Rb8 20. Bh3 g6 21. e4 b5 22. cxb5 Rb6 23. Rd5 Kf7 24. exf5 gxf5 25. Bxf5 Nf6 26. Rxe5 Bxf5 27. Rxf5 1-0

[Event "Frome Open 2025"]
[Site "Selwood Academy, Frome"]
[Date "2025.05.17"]
[Round "2.4"]
[White "Hill, Andy"]
[Black "Burnett, Jim"]
[Result "1/2-1/2"]
[WhiteElo "1996"]
[BlackElo "2063"]
[PlyCount "133"]
[GameId "2183581164880530"]
[EventDate "2025.05.16"]
[SourceTitle "Frome Open 2025"]
[Source "David Tipper"]
[SourceDate "2025.05.19"]
[SourceVersion "1"]
[SourceVersionDate "2025.05.19"]
[SourceQuality "1"]

1. Nf3 d5 2. e3 Nf6 3. c4 e6 4. Nc3 c6 5. b3 Nbd7 6. Bb2 Be7 7. d4 b6 8. Bd3 Bb7 9. O-O O-O 10. cxd5 exd5 11. Rc1 Re8 12. Ne5 Rc8 13. f4 Bd6 14. Qf3 Rc7 15. g4 Nf8 16. g5 N6d7 17. h4 f6 18. Ng4 Qe7 19. Rc2 Qf7 20. f5 Kh8 21. g6 hxg6 22. fxg6 Nxg6 23. Qf5 Ndf8 24. Qh5+ Kg8 25. Rg2 Re6 26. Nh6+ gxh6 27. Bxg6 Nxg6 28. Rxg6+ Kf8 29. Qxh6+ Ke8 30. Qh8+ Bf8 31. Rgxf6 Qg7+ 32. Qxg7 Rxg7+ 33. Kh1 Rxf6 34. Rxf6 Rh7 35. Rf4 Be7 36. Kg2 Bxh4 37. Ba3 Rh8 38. Rg4 Bf6 39. Kf3 Bc8 40. Rg3 Kf7 41. Ne2 Bf5 42. Bd6 Be4+ 43. Kf4 Rh2 44. Ng1 Bh4 45. Rh3 Rf2+ 46. Kg4 Bf6 47. Rh2 Rf1 48. Nh3 Bf5+ 49. Kg3 Ke6 50. Bb8 a6 51. Bc7 b5 52. Nf4+ Kf7 53. Nh5 Bg5 54. Bf4 Be7 55. Be5 Be4 56. Bf4 Rg1+ 57. Kf2 Ra1 58. Kg3 Bb1 59. Rh1 Bb4 60. Be5 Bc3 61. Nf4 Be4 62. Rh6 Rxa2 63. Rxc6 Be1+ 64. Kg4 a5 65. Rf6+ Ke8 66. Re6+ Kf7 67. Rf6+ 1/2-1/2

[Event "Frome Open 2025"]
[Site "Selwood Academy, Frome"]
[Date "2025.05.17"]
[Round "2.5"]
[White "Ponting, Andrew"]
[Black "Arnott, Jonathan"]
[Result "1/2-1/2"]
[WhiteElo "1910"]
[BlackElo "2050"]
[PlyCount "39"]
[GameId "2183596288955117"]
[EventDate "2025.05.16"]
[SourceTitle "Frome Open 2025"]
[Source "David Tipper"]
[SourceDate "2025.05.19"]
[SourceVersion "1"]
[SourceVersionDate "2025.05.19"]
[SourceQuality "1"]

1. d4 e6 2. e4 d5 3. Nc3 Nf6 4. Bg5 dxe4 5. Nxe4 Be7 6. Bxf6 gxf6 7. Nf3 f5 8. Ng3 c5 9. Qd2 Nc6 10. Bb5 Bd7 11. d5 exd5 12. O-O Qb6 13. Bxc6 bxc6 14. Rfe1 Be6 15. Ng5 Qb4 16. c3 Bxg5 17. Qxg5 Qg4 18. Qxf5 Qxf5 19. Nxf5 Kd7 20. Ng7 1/2-1/2

[Event "Frome Open 2025"]
[Site "Selwood Academy, Frome"]
[Date "2025.05.17"]
[Round "2.6"]
[White "Zhang, Junyi"]
[Black "Shepherd, Tom"]
[Result "0-1"]
[WhiteElo "2109"]
[BlackElo "1945"]
[PlyCount "72"]
[GameId "2183597650940820"]
[EventDate "2025.05.16"]
[SourceTitle "Frome Open 2025"]
[Source "David Tipper"]
[SourceDate "2025.05.19"]
[SourceVersion "1"]
[SourceVersionDate "2025.05.19"]
[SourceQuality "1"]

{[%evp 0,72,11,25,-6,22,6,-1,6,17,3,14,-10,-1,10,3,12,21,12,7,6,-6,18,-7,8,-9,-7,-7,-5,-15,-18,-25,-18,-33,-29,8,-24,-87,-16,-82,-78,1,-83,-99,-11,-90,-55,-16,-43,-43,-43,-23,-28,-16,-22,-35,-95,-68,-90,-253,-176,-44,-164,-154,-136,-322,-139,-372,-454,-464,-361,-474,-687,-842,-843]} 1. e4 e5 2. Nf3 Nc6 3. Bc4 Bc5 4. c3 Nf6 5. d4 exd4 6. e5 d5 7. Bb5 Ne4 8. cxd4 Bb6 9. Nc3 O-O 10. Be3 f5 11. exf6 Nxf6 12. O-O Bg4 13. Be2 Qd6 14. h3 Bh5 15. Ne1 Bxe2 16. Nxe2 Rae8 17. Nd3 Ne4 18. Ndf4 Ne7 19. Nd3 c6 20. Bf4 Qd8 21. Ne5 Nf5 22. Bh2 Ned6 23. a4 a6 24. Qd3 Qe7 25. Rad1 Kh8 26. Rfe1 Qd8 27. g4 Nh4 28. Bg3 Ne4 29. Nf4 Rxe5 30. dxe5 Rxf4 31. Bxf4 Nxf2 32. Qf1 Nxd1+ 33. Kh2 Nf2 34. Re2 Ne4 35. Kh1 Qf8 36. Kh2 Ng6 0-1

[Event "Frome Open 2025"]
[Site "Selwood Academy, Frome"]
[Date "2025.05.17"]
[Round "2.7"]
[White "Helbig, Paul"]
[Black "Bourne, Jonathan"]
[Result "1-0"]
[WhiteElo "2086"]
[BlackElo "1915"]
[PlyCount "71"]
[GameId "2183610163811943"]
[EventDate "2025.05.16"]
[SourceTitle "Frome Open 2025"]
[Source "David Tipper"]
[SourceDate "2025.05.19"]
[SourceVersion "1"]
[SourceVersionDate "2025.05.19"]
[SourceQuality "1"]

1. e4 c5 2. Nc3 Nc6 3. g3 g6 4. Bg2 Bg7 5. d3 d6 6. f4 e6 7. Nf3 Nge7 8. O-O O-O 9. Be3 b6 10. d4 cxd4 11. Nxd4 Nxd4 12. Bxd4 Nc6 13. Bxg7 Kxg7 14. f5 f6 15. e5 d5 16. exf6+ Rxf6 17. fxe6 Rxf1+ 18. Qxf1 Bxe6 19. Rd1 Qg5 20. Nxd5 Bxd5 21. Rxd5 Qe3+ 22. Kh1 Rf8 23. Rd7+ Ne7 24. Qg1 Qxg1+ 25. Kxg1 Kf6 26. Be4 h6 27. Rxa7 Rd8 28. Bd3 h5 29. Rb7 Rd6 30. Kf2 g5 31. h4 gxh4 32. gxh4 Nf5 33. Rh7 Nxh4 34. Rh6+ Ke7 35. Rxd6 Kxd6 36. Kg3 1-0

[Event "Frome Open 2025"]
[Site "Selwood Academy, Frome"]
[Date "2025.05.17"]
[Round "2.8"]
[White "White, Stuart"]
[Black "Adaway, William"]
[Result "1-0"]
[WhiteElo "2059"]
[BlackElo "1892"]
[PlyCount "101"]
[GameId "2183611695494855"]
[EventDate "2025.05.16"]
[SourceTitle "Frome Open 2025"]
[Source "David Tipper"]
[SourceDate "2025.05.19"]
[SourceVersion "1"]
[SourceVersionDate "2025.05.19"]
[SourceQuality "1"]

1. c4 e6 2. Nc3 d5 3. d4 Nf6 4. cxd5 exd5 5. Bg5 c6 6. e3 Nbd7 7. Bd3 h6 8. Bh4 Be7 9. Nge2 O-O 10. Qc2 Re8 11. f3 c5 12. O-O c4 13. Bf5 Nf8 14. Rae1 g6 15. Bxc8 Rxc8 16. Bxf6 Bxf6 17. Nf4 Qa5 18. Nfxd5 Bg7 19. Qa4 Qxa4 20. Nxa4 Rcd8 21. Nac3 Ne6 22. Kf2 b5 23. Nb4 a5 24. Nc2 Nc7 25. b4 cxb3 26. axb3 Rc8 27. Re2 b4 28. Ne4 Nb5 29. Ra1 Rxe4 30. fxe4 Nc3 31. Ne1 Nxe2 32. Kxe2 Rc3 33. Rxa5 Rxb3 34. Nd3 Ra3 35. Rb5 Bf8 36. Rb8 Kg7 37. Nxb4 Bd6 38. Rb6 Bxh2 39. e5 Bg1 40. Nd3 Ra2+ 41. Rb2 Rxb2+ 42. Nxb2 Bh2 43. Kf3 f6 44. g3 fxe5 45. dxe5 Kf7 46. Kg2 Bxg3 47. Kxg3 Ke6 48. Kf4 g5+ 49. Ke4 h5 50. Nd3 h4 51. Nf2 1-0